| 000 | 00513nam a2200097Ia 4500 | ||
|---|---|---|---|
| 008 | 180130s9999 xx 000 0 und d | ||
| 245 |
_cUpadhyay, Shrikant; Joshi, Pankaj; Gandotra, Neha; Kumari, Aditi _aComparison and performance of reactive type DSR, AODV and proactive type DSDV routing protocol for wireless mobile ad-hoc network, using NS-2 simulator |
||
| 260 | _c2016 | ||
| 300 | _aBook title: Innovations in computer science and engineering--Acession number C20551; pages 182-193 | ||
| 650 | _aCOMPUTER SCIENCE | ||
| 999 |
_c353752 _d353752 |
||